000 02055nam2a22002531 4500
001 rc\3609181
005 20250610051059.0
021 _aRU
_bРг10757-74
021 _aRU
_b74-71232
035 _a(NLR Aleph) 007711303
090 _a6852355
_c6852355
100 _a20130115d1974 |||y0rusy50 ca
101 0 _arus
102 _aRU
105 _aa z |||||
200 1 _aТехническое описание и рекомендации по применению в новом проектировании
210 _d1974
_aБ. м.
215 _a10 с., 6 л. схем.
461 0 _1001rc\3609180
_12001#$aМетодические указания по проектированию устройств автоматики, телемеханики и связи на железнодорожном транспорте$eИ-64-74$eБлок-макеты типов МПСЛ и МПСП для выключения из зависимости стрелок электрической централизации с двухпроводной блочной схемой управления$eРазд. 1-$fМ-во пут. сообщ. СССР. Гос. проектоизыскат. ин-т "Гипротранссигналсвязь"$vРазд. 1
_96852347
_cЛенинград
_d1974
_fМ-во пут. сообщ. СССР. Гос. проектоизыскат. ин-т "Гипротранссигналсвязь"
_nБ. и.
_oИ-64-74 : Блок-макеты типов МПСЛ и МПСП для выключения из зависимости стрелок электрической централизации с двухпроводной блочной схемой управления : Разд. 1-
_tМетодические указания по проектированию устройств автоматики, телемеханики и связи на железнодорожном транспорте
_vРазд. 1
801 0 _aRU
_bNLR
_gpsbo
801 1 _aRU
_bELAR
_2rusmarc
852 _aNLR
_j74-9/36
942 _cBOOK
980 _aNB